An historical essay on architecture /

Bibliographic Details
Main Author: Hope, Thomas, 1770?-1831
Format: Book
Language:English
Published: London : J. Murray, 1840.
Edition:3rd ed.
Subjects:

MARC

Tag First Indicator Second Indicator Subfields
LEADER 00000cam a2200000 4500
001 in00000947713
005 20150925135317.0
008 740806s1840 enka 00110 eng
010 |a  10004493  
035 |a (OCoLC)00973064 
035 |9 AES5749AM 
040 |a DLC  |c PAU  |d m.c.  |d SER  |d UtOrBLW 
049 |a TXAS [rare]  |v 1  |v 2 
050 0 0 |a NA200  |b .H7 
090 |a NA200  |b .H7 1840 
100 1 |a Hope, Thomas,  |d 1770?-1831. 
245 1 3 |a An historical essay on architecture /  |c by the late Thomas Hope ; illustrated from drawings made by him in Italy and Germany. 
250 |a 3rd ed. 
264 1 |a London :  |b J. Murray,  |c 1840. 
300 |a 2 volumes :  |b illustrations ;  |c 26 cm. 
336 |a text  |b txt  |2 rdacontent 
337 |a unmediated  |b n  |2 rdamedia 
338 |a volume  |b nc  |2 rdacarrier 
505 0 |a v.1. [Text] -- v.2. Illustrations. 
500 |a Includes index. 
650 0 |a Architecture  |x History. 
999 |a MARS 
999 f f |s d52af8bd-d432-33c4-a3a9-f45c39f80b71  |i bcacacda-69dc-3e56-bb35-f438f66cff4c  |t 0 
952 f f |p noncirc  |a Texas A&M University  |b College Station  |c Cushing Memorial Library & Archives  |d Cushing: Rare Books (Does not check out)  |t 0  |e NA200 .H7 1840  |h Library of Congress classification  |i unmediated -- volume 
998 f f |a NA200 .H7 1840  |s v.1-v.2  |t 0  |l Cushing: Rare Books (Does not check out)